Fruit Tile Select Quiz - Statistics

General Stats
  • This quiz has been taken 19 times
  • The average score is 60 of 80
Answer Stats
Question Tile Select % Correct
that have two or four syllables Yes
100%
fruits that grow on trees No
100%
that begin with a consonant Yes
94%
that begin with a consonant Yes
94%
that begin with a consonant Yes
94%
that begin with a consonant Yes
94%
that have two or four syllables No
94%
that are one of the world's most grown crops Yes
94%
that are one of the world's most grown crops Yes
94%
that are one of the world's most grown crops Yes
94%
that are one of the world's most grown crops No
94%
that are one of the world's most grown crops No
94%
that are one of the world's most grown crops No
94%
fruits that grow on trees No
94%
fruits that grow on trees No
94%
that begin with a consonant Yes
88%
that begin with a consonant No
88%
that begin with a consonant Yes
88%
that begin with a consonant Yes
88%
that begin with a consonant Yes
88%
that begin with a consonant No
88%
that begin with a consonant Yes
88%
that begin with a consonant Yes
88%
that have two or four syllables Yes
88%
that have two or four syllables Yes
88%
that have two or four syllables Yes
88%
that have two or four syllables No
88%
that are one of the world's most grown crops Yes
88%
that are one of the world's most grown crops No
88%
fruits that grow on trees Yes
88%
fruits that grow on trees No
88%
fruits whose seeds contain cyanide No
88%
that begin with a consonant Yes
82%
that have two or four syllables Yes
82%
that have two or four syllables No
82%
that are one of the world's most grown crops No
82%
fruits that grow on trees Yes
82%
fruits that grow on trees Yes
82%
fruits whose seeds contain cyanide No
82%
fruits whose seeds contain cyanide No
82%
fruits whose seeds contain cyanide No
82%
fruits whose seeds contain cyanide No
82%
fruits whose seeds contain cyanide No
82%
fruits whose seeds contain cyanide No
82%
that have two or four syllables No
76%
that are one of the world's most grown crops No
76%
fruits that grow on trees Yes
76%
that begin with a consonant Yes
71%
that begin with a consonant Yes
71%
that have two or four syllables No
71%
that have two or four syllables No
71%
that have two or four syllables Yes
71%
fruits that grow on trees Yes
71%
fruits whose seeds contain cyanide No
71%
fruits whose seeds contain cyanide No
71%
that have two or four syllables No
65%
that are one of the world's most grown crops No
65%
fruits that grow on trees No
65%
fruits that grow on trees Yes
65%
fruits whose seeds contain cyanide Yes
65%
that have two or four syllables No
59%
that have two or four syllables No
59%
that are one of the world's most grown crops No
59%
fruits that grow on trees Yes
59%
fruits whose seeds contain cyanide No
59%
fruits whose seeds contain cyanide No
59%
fruits whose seeds contain cyanide No
59%
that are one of the world's most grown crops Yes
53%
fruits that grow on trees Yes
53%
fruits whose seeds contain cyanide No
53%
that are one of the world's most grown crops Yes
47%
fruits whose seeds contain cyanide Yes
47%
fruits whose seeds contain cyanide Yes
47%
that begin with a consonant No
41%
that have two or four syllables Yes
41%
that are one of the world's most grown crops No
41%
that are one of the world's most grown crops Yes
35%
fruits that grow on trees Yes
35%
fruits that grow on trees Yes
35%
fruits that grow on trees Yes
35%
No matching quizzes found
Score Distribution
Percent of People with Each Score
Percentile by Number Answered
Your Score History
You have not taken this quiz